000 00279nam a2200133Ia 4500
100 _aGeol/ Mithal
942 _cBK
654 _anumerical
245 _aNumerical Analysis
260 _bPragati Prakashan
_c1997
082 _a515
_bGEO/MIT
300 _a518
546 _aENGLISH
999 _c20764
_d20764